| 000 | 00598nam a2200205 i 4500 | ||
|---|---|---|---|
| 001 | 89271 | ||
| 003 | ES-MaACL | ||
| 005 | 20230906180131.0 | ||
| 007 | t| | ||
| 008 | 050105s1944 sp |||| | spa d | ||
| 100 | 1 |
_aDe la Roche, Mazo. _943058 |
|
| 245 | 1 | 0 |
_aRenny el Joven / _cpor Mazo De la Roche ; [versión castellana, Fernando Santos]. |
| 260 |
_aMadrid : _bLa Nave, _c[1944] |
||
| 300 |
_a354 p. : _bil. ; _c16 cm. |
||
| 490 | 1 |
_aLa nave ; _v45 |
|
| 700 | 1 |
_aSantos Fontenla, Fernando. _9103502 |
|
| 830 | 0 |
_aLa nave ; _v45 _9182879 |
|
| 852 |
_aES-MaACL _jD-5746 |
||
| 999 |
_c89271 _d89271 |
||